Spaced-theme countries flag! - Statistics

General Stats
  • This quiz has been taken 19 times
  • The average score is 11 of 12
Answer Stats
Picture Answer % Correct
Germany
100%
UK|United Kingdom
100%
Argentina
93%
India
93%
Saudi Arabia
93%
Turkey
93%
USA|United States|United States of America
93%
Brazil
87%
France
87%
Norway
80%
Philippines
80%
Romania
73%
No matching quizzes found
Score Distribution
Percent of People with Each Score
Percentile by Number Answered
Your Score History
You have not taken this quiz